JRA競馬場の最寄り駅 - Statistics

General Stats
  • This quiz has been taken 125 times
  • The average score is 9 of 16
Answer Stats
競馬場名 Answer 所要時間 % Correct
中山競馬場 船橋法典 徒歩10分
74%
府中本町 徒歩5分
72%
東京競馬場 府中競馬正門前 徒歩2分
70%
京都競馬場 徒歩2分
65%
中京競馬場 中京競馬場前 徒歩10分
64%
函館競馬場 競馬場前 函館駅から25分
60%
小倉競馬場 競馬場前 小倉駅から10分
60%
東府中 徒歩10分
58%
福島競馬場 福島 バスで15分
57%
西船橋 バスで15分・徒歩で30分
57%
新潟競馬場 新潟 バスで35分~55分
56%
阪神競馬場 仁川 徒歩5分
53%
札幌競馬場 桑園 徒歩10分
45%
東中山 バスで10分・徒歩で20分
42%
豊栄 バスで20分
27%
二十四軒 徒歩15分
13%
No matching quizzes found
Score Distribution
Percent of People with Each Score
Percentile by Number Answered
Your Score History
You have not taken this quiz